2026 NBA DPOY Votes- Top 6 - Statistics

General Stats
  • This quiz has been taken 19 times
  • The average score is 4 of 6
Answer Stats
Hint Answer % Correct
#1 Victor Wembanyama
100%
#2 Chet Holmgren
82%
#3 Ausar Thompson
71%
#4 Rudy Gobert
59%
#5 Scottie Barnes
41%
#6 Derrick White
29%
No matching quizzes found
Score Distribution
Percent of People with Each Score
Percentile by Number Answered
Your Score History
You have not taken this quiz